Managing language diversity
Αποθηκεύτηκε σε:
| Άλλοι συγγραφείς: | , |
|---|---|
| Μορφή: | Βιβλίο |
| Γλώσσα: | English |
| Δημοσίευση: |
Clevedon :
Multilingual Matters,
1998
|
| Σειρά: | Current issues in language and society
|
| Θέματα: | |
| Ετικέτες: |
Προσθήκη ετικέτας
Δεν υπάρχουν, Καταχωρήστε ετικέτα πρώτοι!
|
MARC
| LEADER | 00000nam a2200000 i 4500 | ||
|---|---|---|---|
| 001 | 1/30157 | ||
| 008 | 021217s1998 eng d | ||
| 020 | |a 1-85359-415-6 | ||
| 035 | |l 10068930 | ||
| 040 | |a GR-MY-UA |b gre |e aacr | ||
| 041 | 0 | |a eng | |
| 082 | 0 | |a 309.44994 | |
| 245 | 1 | 0 | |a Managing language diversity / |c edited by Sue Wright and Helen Kelly-Holmes |
| 260 | |a Clevedon : |b Multilingual Matters, |c 1998 | ||
| 300 | |a 81 p. | ||
| 490 | 1 | |a Current issues in language and society | |
| 650 | 0 | 0 | |a Multilingualism |z Australia. |
| 650 | 0 | 0 | |a Multiculturalism |z Australia. |
| 650 | 0 | 0 | |a Language policy |x Australia. |
| 650 | 0 | 0 | |a Language and education |z Australia. |
| 700 | 1 | |a Wright, Sue |d 1947- |4 edt | |
| 700 | 1 | |a Kelly-Holmes, Helen |d 1968- |4 edt | |
| 830 | 0 | |a Current issues in language and society | |
| 852 | |a INST |b RHODES |e 20021217 |h 309.44994 MAN |p 005400015916 |q 005400015916 |t BK |y 0 | ||
| 901 | |a BIBL4-2003-1 | ||
| 909 | |a Ρ |b 103166 | ||
| 922 | |a 4ΕΛΗ |b 200212 |c ΕΠΕΑΕΚ2/ΠΤΔΕ |d ΠΑΠΑΣΩΤΗΡΙΟΥ & ΕΛΕΥΘΕΡΟΥΔΑΚΗΣ | ||
| 950 | |a 095-2002-10-09 | ||
| 970 | |a ΚΟΥΛΑΚΙΟΤΗ |b ΛΙΤΣΑ |z 2003/01/20 | ||